LEADER 01007cam0 2200277 450 001 E600200029943 005 20201110093708.0 010 $a88-7780-683-4 100 $a20071004d1991 |||||ita|0103 ba 101 $aita 102 $aIT 200 1 $aGiardini e rimpatrio$eun itinerario ricco di fascino attraverso le ville di Roma, in compagnia di Winckelmann, di Stendhal, dei Nazareni, di D'Annunzio$fRosario Assunto 210 $aRoma$cNew Compton$d1991 215 $a173 p.$cill.$d23 cm 225 2 $aQuest'Italia$v162 410 1$1001LAEC00017679$12001 $a*Quest'Italia$v162 700 1$aAssunto$b, Rosario$3A600200032397$4070$010346 801 0$aIT$bUNISOB$c20201110$gRICA 850 $aUNISOB 852 $aUNISOB$j900$m81556 912 $aE600200029943 940 $aM 102 Monografia moderna SBN 941 $aM 957 $a900$b002901$gSi$d81556$racquisto$1pregresso2$2UNISOB$3UNISOB$420071004073448.0$520200325093139.0$6catenaccif 996 $aGiardini e rimpatrio$91688597 997 $aUNISOB LEADER 01179nam0 22002531i 450 001 UON00409552 005 20231205104734.244 100 $a20120515d1991 |0itac50 ba 101 $apor 102 $aPT 105 $a|||| 1|||| 200 1 $a13 sonetos de Vila do Conde$eedição das celebrações do centenário da morte de Antero de Quental, 1991$fAntero de Quental$gintrod. António Ramos de Almeida 210 $aVila do Conde$cBrasília Editora$d1991 215 $a1 cartella ( 26 carte)$d3o cm. 620 $aPT$dVila do Conde$3UONL004992 700 1$aQUENTAL$bAntero : de$3UONV128442$0551671 702 1$aALMEIDA$bAntónio Ramos : de$3UONV115213 712 $aBrasilia Editora$3UONV275999$4650 801 $aIT$bSOL$c20240220$gRICA 912 $aUON00409552 950 $aSIBA - SISTEMA BIBLIOTECARIO DI ATENEO$dSI Port I 0419 $eSI LO 48888 5 0419 950 $aSIBA - SISTEMA BIBLIOTECARIO DI ATENEO$dSI Port I 0419 bis $eSI LO 49625 5 0419 bis 996 $a13 sonetos de Vila do Conde$91341771 997 $aUNIOR